1 Timothy {ch} : (Record no. 23244)
[ view plain ]
| 000 -LEADER | |
|---|---|
| fixed length control field | 00659nam a2200169 4500 |
| 008 - FIXED-LENGTH DATA ELEMENTS--GENERAL INFORMATION | |
| fixed length control field | 050520s2004 -hk chi |
| 020 ## - INTERNATIONAL STANDARD BOOK NUMBER | |
| International Standard Book Number | 9889760797 : |
| Terms of availability | HK65/55.30/Php384.94 |
| 090 ## - LOCALLY ASSIGNED LC-TYPE CALL NUMBER (OCLC); LOCAL CALL NUMBER (OCLC) | |
| Classification number (OCLC) (R) ; Classification number, CALL (RLIN) (NR) | BS498.C5 |
| Local cutter number (OCLC) ; Book number/undivided call number, CALL (RLIN) | M66 |
| -- | ITim |
| 100 1# - MAIN ENTRY--PERSONAL NAME | |
| Personal name | Chan, Sariah Yau Wah |
| 245 10 - TITLE STATEMENT | |
| Title | 1 Timothy {ch} : |
| Remainder of title | God's Word is the essence of pastoring / |
| Statement of responsibility, etc | Sariah Yau Wah Chan. |
| 260 ## - PUBLICATION, DISTRIBUTION, ETC. (IMPRINT) | |
| Place of publication, distribution, etc | Hong Kong : |
| Name of publisher, distributor, etc | Ming Dao Press Ltd., |
| Date of publication, distribution, etc | 2004. |
| 300 ## - PHYSICAL DESCRIPTION | |
| Extent | xii, 244 p. |
| 490 1# - SERIES STATEMENT | |
| Series statement | Ming Dao commentary series; |
| Volume number/sequential designation | 54 |
| 504 ## - BIBLIOGRAPHY, ETC. NOTE | |
| Bibliography, etc | Includes bibliographical references. |
| 630 04 - SUBJECT ADDED ENTRY--UNIFORM TITLE | |
| Uniform title | Bible. N.T. Timothy, 1st |
| General subdivision | Commentaries {ch}. |
| 951 ## - EQUIVALENCE OR CROSS-REFERENCE-GEOGRAPHIC NAME/AREA NAME [OBSOLETE] [CAN/MARC only] | |
| -- | C-6520 |
| -- | BS498.C5/M66/ITim-LIV |
| -- | 070613111453328 |
| -- | 2000-12-21 |
| -- | REF-CH |
| Withdrawn status | Lost status | Source of classification or shelving scheme | Damaged status | Not for loan | Home library | Current library | Shelving location | Date acquired | Serial Enumeration / chronology | Accession number | Shelving control number | Total Checkouts | Full call number | Date last seen | Price effective from | Koha item type |
|---|---|---|---|---|---|---|---|---|---|---|---|---|---|---|---|---|
| Library of Congress Classification | BSOP Library | BSOP Library | Reference Chinese | 12/21/2000 | LIV | C-6520 | 127 | BS498.C5 M66 ITim | 02/23/2013 | 02/23/2013 | Books |
